[Event "SVK-chT3A2 1213"]
[Site "Slovakia"]
[Date "2013.03.24"]
[Round "11.3"]
[White "Halas, Miroslav"]
[Black "Holiencin, Filip"]
[Result "1/2-1/2"]
[WhiteElo "1923"]
[BlackElo "1680"]
[PlyCount "80"]
[EventDate "2012.10.07"]
[EventType "team-tourn"]
[EventRounds "11"]
[EventCountry "SVK"]
[SourceTitle "EXT 2015"]
[Source "ChessBase"]
[SourceDate "2014.11.20"]
[SourceVersion "1"]
[SourceVersionDate "2014.11.20"]
[SourceQuality "1"]
[WhiteTeam "Trnava Lokomotiva Solartec IV"]
[BlackTeam "Holic"]
[WhiteTeamCountry "SVK"]
[BlackTeamCountry "SVK"]

1. e4 c5 2. Nf3 d6 3. d4 cxd4 4. Nxd4 Nf6 5. Nc3 a6 6. Be2 e5 7. Nf3 Be6 8. Bg5 Nbd7 9. Qd2 Be7 10. Rd1 b5 11. 0-0 h6 12. Bxf6 Nxf6 13. a4 b4 14. Nd5 Bxd5 15. exd5 Qb6 16. c3 bxc3 17. bxc3 Ne4 18. Qc2 Nc5 19. Rb1 Qa7 20. Nd2 0-0 21. Ne4 Nxe4 22. Qxe4 Bd8 23. Qb4 Bc7 24. Qb7 Rfb8 25. Qc6 a5 26. Bd3 Rxb1 27. Rxb1 Rb8 28. Rxb8+ Qxb8 29. Qd7 Qd8 30. Qxd8+ Bxd8 31. Kf1 Kf8 32. Ke2 Bg5 33. Bf5 Ke7 34. Kd3 Kd8 35. g3 Kc7 36. Kc4 Bd2 37. Kd3 Be1 38. f3 Kd8 39. f4 exf4 40. gxf4 Ke7 1/2-1/2

[Event "SVK-chT3A2 1213"]
[Site "Slovakia"]
[Date "2013.01.13"]
[Round "6.6"]
[White "Halas, Miroslav"]
[Black "Lopatievov, Alexander"]
[Result "1-0"]
[WhiteElo "1923"]
[BlackElo "1937"]
[PlyCount "51"]
[EventDate "2012.10.07"]
[EventType "team-tourn"]
[EventRounds "11"]
[EventCountry "SVK"]
[SourceTitle "EXT 2015"]
[Source "ChessBase"]
[SourceDate "2014.11.20"]
[SourceVersion "1"]
[SourceVersionDate "2014.11.20"]
[SourceQuality "1"]
[WhiteTeam "Trnava Lokomotiva Solartec IV"]
[BlackTeam "Trnava Modranka"]
[WhiteTeamCountry "SVK"]
[BlackTeamCountry "SVK"]

1. e4 c6 2. d4 d5 3. exd5 cxd5 4. c4 Nf6 5. Nc3 Nc6 6. c5 Bf5 7. Bb5 a6 8. Ba4 e6 9. Bg5 Be7 10. Nf3 0-0 11. Bxc6 bxc6 12. 0-0 Nd7 13. Bxe7 Qxe7 14. Qa4 Rfc8 15. Rfe1 f6 16. Nh4 Bg4 17. h3 Bh5 18. Nf5 Qf7 19. Nd6 Qf8 20. Nxc8 Rxc8 21. Qxa6 Rc7 22. b4 e5 23. b5 Nxc5 24. dxc5 Be8 25. b6 Rd7 26. a4 1-0

[Event "SVK-chT2A 1112"]
[Site "Slovakia"]
[Date "2012.01.07"]
[Round "7.8"]
[White "Halas, Miroslav"]
[Black "Slaby, Jozef"]
[Result "1/2-1/2"]
[WhiteElo "1946"]
[BlackElo "1856"]
[PlyCount "80"]
[EventDate "2011.10.08"]
[EventType "team-tourn"]
[EventRounds "11"]
[EventCountry "SVK"]
[SourceTitle "EXT 2013"]
[Source "ChessBase"]
[SourceDate "2012.11.22"]
[SourceVersion "1"]
[SourceVersionDate "2012.11.22"]
[SourceQuality "1"]
[WhiteTeam "Trnava Lokomotiva II"]
[BlackTeam "Piestany Kupele"]
[WhiteTeamCountry "SVK"]
[BlackTeamCountry "SVK"]

1. e4 e6 2. d4 d5 3. Nc3 Nf6 4. e5 Nfd7 5. f4 a6 6. Nf3 c5 7. Be3 cxd4 8. Nxd4 g6 9. Qg4 Nc5 10. a3 Nc6 11. b4 Nxd4 12. Bxd4 Nd7 13. Bd3 Qc7 14. 0-0 Nb6 15. h4 Nc4 16. Na4 Bd7 17. Nb2 Be7 18. g3 Rc8 19. h5 Nd2 20. Rf2 Ne4 21. Rh2 Rf8 22. c4 b5 23. hxg6 hxg6 24. c5 Bc6 25. a4 Kd7 26. Rc2 Ra8 27. Rh2 Rh8 28. Rxh8 Rxh8 29. axb5 axb5 30. Kg2 Ra8 31. Rxa8 Bxa8 32. Bxb5+ Bc6 33. Qe2 Qb7 34. Bxc6+ Kxc6 35. Nd3 Qb5 36. Kf3 Qc4 37. Bf2 Nc3 38. Qc2 Qe4+ 39. Kg4 Qf5+ 40. Kf3 Qe4+ 1/2-1/2

[Event "SVK-chT3A2 1011"]
[Site "Slovakia"]
[Date "2011.04.03"]
[Round "11.2"]
[White "Merva, Frantisek"]
[Black "Halas, Miroslav"]
[Result "0-1"]
[WhiteElo "2038"]
[BlackElo "1935"]
[PlyCount "76"]
[EventDate "2010.10.17"]
[EventType "team-tourn"]
[EventRounds "11"]
[EventCountry "SVK"]
[SourceTitle "EXT 2019"]
[Source "ChessBase"]
[SourceDate "2018.10.10"]
[SourceVersion "1"]
[SourceVersionDate "2018.10.10"]
[SourceQuality "1"]
[WhiteTeam "Dunajska Streda SK III"]
[BlackTeam "Trnava Lokomotiva III"]
[WhiteTeamCountry "SVK"]
[BlackTeamCountry "SVK"]

1. d4 Nf6 2. Nf3 e6 3. g3 c5 4. Bg2 d5 5. 0-0 Nc6 6. a3 Qb6 7. dxc5 Bxc5 8. b4 Be7 9. c4 dxc4 10. Qc2 0-0 11. Nbd2 c3 12. Qxc3 Nd5 13. Qc2 Bf6 14. Bb2 Bd7 15. Ne4 Bxb2 16. Qxb2 Nce7 17. Rfd1 Rfc8 18. Qe5 Ba4 19. Rdc1 Bc2 20. Nc5 Bg6 21. h4 h6 22. Nd4 a5 23. h5 Bh7 24. Nd7 Qd8 25. Nxe6 fxe6 26. Qxe6+ Kh8 27. Ne5 Bg8 28. Qh3 axb4 29. Rd1 Qb6 30. Bxd5 Bxd5 31. Rxd5 Nxd5 32. e4 Ne7 33. Rd1 Rf8 34. Rd2 bxa3 35. Qd7 a2 36. Qxe7 a1Q+ 37. Kg2 Qf6 38. Ng6+ Kg8 0-1

[Event "SVK-chT3A2 1011"]
[Site "Slovakia"]
[Date "2011.03.13"]
[Round "10.2"]
[White "Meszaros, Lorant"]
[Black "Halas, Miroslav"]
[Result "0-1"]
[WhiteElo "2076"]
[BlackElo "1965"]
[PlyCount "76"]
[EventDate "2010.10.17"]
[EventType "team-tourn"]
[EventRounds "11"]
[EventCountry "SVK"]
[SourceTitle "EXT 2019"]
[Source "ChessBase"]
[SourceDate "2018.10.10"]
[SourceVersion "1"]
[SourceVersionDate "2018.10.10"]
[SourceQuality "1"]
[WhiteTeam "Potonska Veza"]
[BlackTeam "Trnava Lokomotiva III"]
[WhiteTeamCountry "SVK"]
[BlackTeamCountry "SVK"]

1. d4 d5 2. c4 e6 3. Nf3 Nf6 4. g3 Be7 5. Bg2 0-0 6. 0-0 dxc4 7. Ne5 c5 8. e3 cxd4 9. exd4 Qc7 10. Nc3 a6 11. Bf4 Bd6 12. Qe2 Nc6 13. Rfd1 Rb8 14. Rac1 Na5 15. b4 Nc6 16. b5 Na5 17. h4 b6 18. g4 Nd7 19. Bg3 f6 20. Nc6 Bxg3 21. Qxe6+ Kh8 22. fxg3 Ne5 23. Qd5 Nexc6 24. bxc6 Bxg4 25. Rd2 Qxg3 26. Rdc2 Rbc8 27. Ne4 Qe3+ 28. Kh2 Qf4+ 29. Ng3 b5 30. Rf1 Qc7 31. Qe4 f5 32. Qe1 Nxc6 33. d5 f4 34. dxc6 fxg3+ 35. Kh1 Rxf1+ 36. Qxf1 Qe7 37. Qf4 Qe1+ 38. Bf1 Bh3 0-1

[Event "SVK-chT3A2 1011"]
[Site "Slovakia"]
[Date "2010.11.28"]
[Round "4.2"]
[White "Halas, Miroslav"]
[Black "Cechovic, Stefan"]
[Result "1/2-1/2"]
[WhiteElo "1935"]
[BlackElo "2190"]
[PlyCount "43"]
[EventDate "2010.10.17"]
[EventType "team-tourn"]
[EventRounds "11"]
[EventCountry "SVK"]
[SourceTitle "EXT 2012"]
[Source "ChessBase"]
[SourceDate "2011.11.24"]
[SourceVersion "1"]
[SourceVersionDate "2011.11.24"]
[SourceQuality "1"]
[WhiteTeam "Trnava Lokomotiva III"]
[BlackTeam "Cífer"]
[WhiteTeamCountry "SVK"]
[BlackTeamCountry "SVK"]

1. e4 e5 2. Nf3 Nf6 3. Nxe5 d6 4. Nf3 Nxe4 5. Nc3 Nxc3 6. dxc3 Be7 7. Bf4 0-0 8. Qd2 Nd7 9. Bc4 Nc5 10. 0-0-0 Be6 11. Bxe6 Nxe6 12. Be3 Re8 13. g4 a5 14. h4 b5 15. g5 b4 16. c4 Qc8 17. h5 Qb7 18. Rh3 Qe4 19. Qd5 Qxd5 20. Rxd5 Nc5 21. Nd4 a4 22. Nc6 1/2-1/2

[Event "Brezova op"]
[Site "Brezova pod Bradlom"]
[Date "2010.08.25"]
[Round "5"]
[White "Halas, Miroslav"]
[Black "Birkenmaier, Rainer"]
[Result "0-1"]
[WhiteElo "1943"]
[BlackElo "2164"]
[PlyCount "50"]
[EventDate "2010.08.22"]
[EventType "swiss"]
[EventRounds "9"]
[EventCountry "SVK"]
[SourceTitle "CBM 138 Extra"]
[Source "ChessBase"]
[SourceDate "2010.10.29"]
[SourceVersion "1"]
[SourceVersionDate "2010.10.29"]
[SourceQuality "1"]

1. e4 g6 2. d4 Bg7 3. Nc3 d6 4. f4 c5 5. Be3 Qa5 6. Nf3 Nc6 7. Bc4 Qb4 8. Qd3 f5 9. 0-0 fxe4 10. Nxe4 Bf5 11. dxc5 dxc5 12. Qd5 Nh6 13. Nd6+ exd6 14. Bd2 Qb6 15. Rfe1+ Ne7 16. Rxe7+ Kxe7 17. Re1+ Kd7 18. Ne5+ Kc7 19. Nf7 Rae8 20. Rxe8 Rxe8 21. Nxh6 Be6 22. Qe4 Bd7 23. Qf3 Bxh6 24. Qa3 Kb8 25. b4 cxb4+ 0-1

[Event "Brezova op"]
[Site "Brezova pod Bradlom"]
[Date "2010.08.24"]
[Round "4"]
[White "Berger, Patrik"]
[Black "Halas, Miroslav"]
[Result "0-1"]
[WhiteElo "1720"]
[BlackElo "1943"]
[PlyCount "96"]
[EventDate "2010.08.22"]
[EventType "swiss"]
[EventRounds "9"]
[EventCountry "SVK"]
[SourceTitle "CBM 138 Extra"]
[Source "ChessBase"]
[SourceDate "2010.10.29"]
[SourceVersion "1"]
[SourceVersionDate "2010.10.29"]
[SourceQuality "1"]

1. e4 c6 2. d4 d5 3. Nc3 dxe4 4. Nxe4 Bf5 5. Ng3 Bg6 6. h4 h6 7. Nf3 Nd7 8. h5 Bh7 9. Bd3 Bxd3 10. Qxd3 e6 11. Bf4 Qa5+ 12. Bd2 Qc7 13. 0-0-0 Ngf6 14. Ne4 0-0-0 15. Nxf6 Nxf6 16. g3 Bd6 17. Qe2 c5 18. dxc5 Bxc5 19. Be3 Bxe3+ 20. Qxe3 Qa5 21. Rd3 Rxd3 22. Qxd3 Qxa2 23. Qc3+ Kb8 24. Qe5+ Ka8 25. Nd2 Rd8 26. Qc7 Qd5 27. Rd1 Ne4 28. Qf4 Nxd2 29. Qxd2 Qxd2+ 30. Rxd2 Rxd2 31. Kxd2 Kb8 32. Ke3 Kc7 33. Ke4 Kd6 34. f4 a5 35. Kd4 g6 36. g4 gxh5 37. gxh5 f6 38. c4 b6 39. b3 e5+ 40. Ke3 Kc5 41. Ke4 Kb4 42. fxe5 fxe5 43. Kxe5 Kxb3 44. Kf6 a4 45. Kg6 a3 46. Kxh6 a2 47. Kh7 a1Q 48. h6 Qf6 0-1

[Event "Brezova op"]
[Site "Brezova pod Bradlom"]
[Date "2010.08.24"]
[Round "3"]
[White "Halas, Miroslav"]
[Black "Sklars, Tomas"]
[Result "1/2-1/2"]
[WhiteElo "1943"]
[BlackElo "1778"]
[PlyCount "132"]
[EventDate "2010.08.22"]
[EventType "swiss"]
[EventRounds "9"]
[EventCountry "SVK"]
[SourceTitle "CBM 138 Extra"]
[Source "ChessBase"]
[SourceDate "2010.10.29"]
[SourceVersion "1"]
[SourceVersionDate "2010.10.29"]
[SourceQuality "1"]

1. e4 c5 2. Nf3 d6 3. Bb5+ Bd7 4. Bxd7+ Qxd7 5. 0-0 Nc6 6. d4 cxd4 7. Nxd4 Nf6 8. Nc3 g6 9. h3 Bg7 10. Be3 Ne5 11. Qe2 Rc8 12. f4 Nc4 13. Rab1 Nxe3 14. Qxe3 0-0 15. Rfd1 a6 16. e5 dxe5 17. fxe5 Nd5 18. Nxd5 Qxd5 19. Nf5 Qe6 20. Nxg7 Kxg7 21. c3 Qxa2 22. Qb6 Qc4 23. Rd7 Rfe8 24. Rxe7 Rxe7 25. Qf6+ Kg8 26. Qxe7 Qc5+ 27. Qxc5 Rxc5 28. Re1 Kf8 29. Kf2 Ke7 30. Kf3 Ke6 31. Kf4 h6 32. h4 Rc4+ 33. Re4 Rc5 34. Rb4 b5 35. Re4 Rd5 36. Re2 a5 37. g4 a4 38. Re4 Rc5 39. Rb4 Rxe5 40. c4 g5+ 41. Kf3 bxc4 42. Rxc4 Rb5 43. hxg5 hxg5 44. Rxa4 Rxb2 45. Ke4 Rf2 46. Ke3 Rf1 47. Ra6+ Ke5 48. Ra5+ Kf6 49. Ra6+ Kg7 50. Ra5 Kg6 51. Ra6+ f6 52. Ra4 Kh6 53. Rb4 Re1+ 54. Kf2 Re5 55. Kf3 Kg6 56. Rb7 Rc5 57. Ra7 Rc4 58. Rb7 Rf4+ 59. Kg3 Re4 60. Kf3 Re8 61. Ra7 Rf8 62. Rb7 f5 63. Rb6+ Rf6 64. gxf5+ Kxf5 65. Rxf6+ Kxf6 66. Kg4 Kg6 1/2-1/2

[Event "SVK-chT3A2 0910"]
[Site "Slovakia"]
[Date "2010.01.31"]
[Round "7.2"]
[White "Merva, Frantisek"]
[Black "Halas, Miroslav"]
[Result "1/2-1/2"]
[WhiteElo "2053"]
[BlackElo "1939"]
[PlyCount "114"]
[EventDate "2009.10.18"]
[EventType "team-tourn"]
[EventRounds "11"]
[EventCountry "SVK"]
[SourceTitle "EXT 2011"]
[Source "ChessBase"]
[SourceDate "2010.11.26"]
[SourceVersion "1"]
[SourceVersionDate "2010.11.26"]
[SourceQuality "1"]
[WhiteTeam "Dunajska Streda SK III"]
[BlackTeam "Trnava III"]
[WhiteTeamCountry "SVK"]
[BlackTeamCountry "SVK"]

1. d4 d5 2. c4 c6 3. Nf3 Nf6 4. Nc3 e6 5. e3 Nbd7 6. Qc2 Be7 7. e4 dxe4 8. Nxe4 b6 9. Bf4 0-0 10. Bd3 Bb7 11. Nd6 Qc7 12. c5 bxc5 13. dxc5 h6 14. Rd1 Nd5 15. Bg3 Qa5+ 16. Qd2 Qxd2+ 17. Rxd2 Nxc5 18. Nxb7 Nxb7 19. 0-0 Bd6 20. Ne5 Bxe5 21. Bxe5 f6 22. Bg3 Rfd8 23. Rfd1 Kf7 24. a3 f5 25. Be5 Nc5 26. Bb1 Nd7 27. Bg3 Ke7 28. f3 f4 29. Bf2 Ne5 30. Bc5+ Kf7 31. Ba2 a5 32. Kf2 Nd7 33. Bd6 g5 34. Rd3 N7b6 35. Bc7 Rdc8 36. Bxb6 Nxb6 37. Rd6 Nd5 38. Re1 Rab8 39. Re2 Ne3 40. Rxe6 Kg7 41. g3 Rxb2 42. Rxb2 Nd1+ 43. Ke2 Nxb2 44. gxf4 gxf4 45. Re4 c5 46. Rxf4 c4 47. Kd2 c3+ 48. Kc2 Nd3 49. Re4 Kf6 50. Bc4 Ne5 51. Kxc3 Kf5 52. Rh4 Kg5 53. Rd4 Nxf3 54. Rd5+ Kf4 55. Rxa5 Nxh2 56. Rh5 Ng4 57. Kb4 Ne3 1/2-1/2

[Event "Piestany Pressburg op"]
[Site "Piestany"]
[Date "2009.11.21"]
[Round "6"]
[White "Koval, Daniel"]
[Black "Halas, Miroslav"]
[Result "1-0"]
[WhiteElo "2112"]
[BlackElo "1941"]
[PlyCount "61"]
[EventDate "2009.11.17"]
[EventType "swiss"]
[EventRounds "7"]
[EventCountry "SVK"]
[SourceTitle "CBM 133 Extra"]
[Source "ChessBase"]
[SourceDate "2010.01.05"]
[SourceVersion "1"]
[SourceVersionDate "2010.01.05"]
[SourceQuality "1"]

1. c4 c6 2. d4 d5 3. Nf3 Nf6 4. e3 Bg4 5. Be2 e6 6. 0-0 Bd6 7. Qc2 Nbd7 8. h3 h5 9. Nc3 Qe7 10. c5 Bc7 11. b4 e5 12. b5 e4 13. Ng5 Bf5 14. f4 exf3 15. Qxf5 fxe2 16. Nxe2 g6 17. Qd3 0-0 18. Bd2 Nh7 19. Nxh7 Kxh7 20. Nf4 Bxf4 21. exf4 Nf6 22. Rae1 Ne4 23. f5 Qd7 24. Rxe4 dxe4 25. Qe3 g5 26. Qxg5 Qxd4+ 27. Kh1 Qg7 28. Qxh5+ Kg8 29. Bh6 Qh7 30. Qg5+ Kh8 31. Qf6+ 1-0

[Event "SVK-chT3A2 0910"]
[Site "Slovakia"]
[Date "2009.10.24"]
[Round "2.1"]
[White "Halas, Miroslav"]
[Black "Kapusta, Petr"]
[Result "0-1"]
[WhiteElo "1939"]
[BlackElo "2135"]
[PlyCount "132"]
[EventDate "2009.10.18"]
[EventType "team-tourn"]
[EventRounds "11"]
[EventCountry "SVK"]
[SourceTitle "EXT 2011"]
[Source "ChessBase"]
[SourceDate "2010.11.26"]
[SourceVersion "1"]
[SourceVersionDate "2010.11.26"]
[SourceQuality "1"]
[WhiteTeam "Trnava III"]
[BlackTeam "Skalica"]
[WhiteTeamCountry "SVK"]
[BlackTeamCountry "SVK"]

1. e4 c5 2. Nf3 d6 3. d4 cxd4 4. Nxd4 Nf6 5. Nc3 a6 6. Be2 e5 7. Nb3 Be7 8. Be3 Be6 9. 0-0 0-0 10. Kh1 Nbd7 11. f4 exf4 12. Bxf4 Ne5 13. Nd4 Qb6 14. Nxe6 fxe6 15. Bxe5 dxe5 16. Bc4 Bb4 17. Bd3 Bxc3 18. bxc3 Qc6 19. Qe1 b5 20. Rf3 Rac8 21. Qh4 Qxc3 22. Raf1 Qc6 23. Rh3 h6 24. Rhf3 Nh7 25. Qe7 Rxf3 26. Rxf3 Rf8 27. Rxf8+ Nxf8 28. Qb4 Qb6 29. a4 Qd4 30. Qxd4 exd4 31. axb5 axb5 32. Bxb5 Kf7 33. g3 Kf6 34. Kg2 Ke5 35. Kf3 Nh7 36. h4 g5 37. hxg5 Nxg5+ 38. Kg4 Nxe4 39. Bd3 Nf6+ 40. Kf3 Nd5 41. Kg4 Nf6+ 42. Kf3 Ne8 43. Kg4 Kf6 44. Kh5 Kg7 45. Kg4 Nd6 46. Kf4 Kf6 47. Kg4 e5 48. Kf3 Ke6 49. Bh7 Kd5 50. Bg8+ Kc5 51. Bh7 Kb4 52. Bg6 Kc3 53. Bd3 Nb7 54. Be4 Nc5 55. Bf5 Kd2 56. Bg6 Kc3 57. Bf5 Nb7 58. Be4 Nd6 59. Bd3 Kb4 60. Bg6 Kc4 61. Bh7 Kc5 62. Bg6 Kd5 63. Bd3 e4+ 64. Kg4 exd3 65. cxd3 Nf7 66. Kf5 Ne5 0-1

[Event "SVK-chT2A 0910"]
[Site "Slovakia"]
[Date "2009.10.10"]
[Round "1.6"]
[White "Halas, Miroslav"]
[Black "Syrovy, Ivan"]
[Result "0-1"]
[WhiteElo "1939"]
[BlackElo "2088"]
[PlyCount "50"]
[EventDate "2009.10.10"]
[EventType "team-tourn"]
[EventRounds "11"]
[EventCountry "SVK"]
[SourceTitle "EXT 2011"]
[Source "ChessBase"]
[SourceDate "2010.11.26"]
[SourceVersion "1"]
[SourceVersionDate "2010.11.26"]
[SourceQuality "1"]
[WhiteTeam "Trnava Lokomotiva II"]
[BlackTeam "Pezinok KS"]
[WhiteTeamCountry "SVK"]
[BlackTeamCountry "SVK"]

1. e4 e5 2. Nf3 d6 3. Bc4 c6 4. a4 Be7 5. c3 Nf6 6. d3 0-0 7. Bg5 Nbd7 8. Nbd2 Qc7 9. 0-0 b6 10. Re1 Bb7 11. Nh4 g6 12. Qf3 a6 13. Bh6 Rfe8 14. Nf5 d5 15. Bb3 Bf8 16. Bxf8 Kxf8 17. Nh6 Kg7 18. Ng4 Nxg4 19. Qxg4 Nc5 20. Bc2 dxe4 21. Nxe4 f5 22. Qh4 fxe4 23. d4 exd4 24. cxd4 Nd3 25. Re3 Qf4 0-1

[Event "SVK-chT3A2 0809"]
[Site "Slovakia"]
[Date "2009.03.08"]
[Round "9.1"]
[White "Csiba, Dominik"]
[Black "Halas, Miroslav"]
[Result "1-0"]
[WhiteElo "2169"]
[BlackElo "1939"]
[PlyCount "95"]
[EventDate "2008.10.19"]
[EventType "team-tourn"]
[EventRounds "11"]
[EventCountry "SVK"]
[SourceTitle "EXT 2010"]
[Source "ChessBase"]
[SourceDate "2010.11.25"]
[SourceVersion "1"]
[SourceVersionDate "2010.11.25"]
[SourceQuality "1"]
[WhiteTeam "Dunajska Streda SK III"]
[BlackTeam "Trnava Lokomotiva III"]
[WhiteTeamCountry "SVK"]
[BlackTeamCountry "SVK"]

1. e4 c6 2. d4 d5 3. exd5 cxd5 4. c4 Nf6 5. Nc3 Nc6 6. Bg5 e6 7. Nf3 Be7 8. c5 0-0 9. Bb5 Bd7 10. 0-0 a6 11. Bxc6 Bxc6 12. Ne5 Nd7 13. Bxe7 Qxe7 14. Re1 Rfe8 15. Nxd7 Qxd7 16. Re3 Rad8 17. Qh5 Qe7 18. Rae1 Qf6 19. Qd1 Rd7 20. Rf3 Qd8 21. Rh3 Qc7 22. Qh5 h6 23. Rg3 Qf4 24. Rg4 Qd2 25. Rd1 Qxb2 26. Qxh6 f5 27. Rg3 Rf7 28. Qh5 f4 29. Rh3 Kf8 30. Qg5 Rf5 31. Qg6 Rf6 32. Rh8+ Ke7 33. Qxg7+ Rf7 34. Qg5+ Kd7 35. Rh3 f3 36. Qd2 Qxd2 37. Rxd2 fxg2 38. Kxg2 e5 39. Ne2 Ref8 40. Ng3 exd4 41. Rh4 Bb5 42. Rhxd4 Bc4 43. Rxc4 Kc6 44. Rcd4 Kxc5 45. Rxd5+ Kc4 46. Ne4 Rg7+ 47. Kf1 Rfg8 48. R2d4# 1-0

[Event "SVK-chT3A2 0607"]
[Site "Slovakia"]
[Date "2007.02.25"]
[Round "9"]
[White "Lahucky, Pavol"]
[Black "Halas, Miroslav"]
[Result "1-0"]
[WhiteElo "2110"]
[BlackElo "1996"]
[PlyCount "135"]
[EventDate "2006.10.08"]
[EventType "team-tourn"]
[EventRounds "11"]
[EventCountry "SVK"]
[SourceTitle "EXT 2008"]
[Source "ChessBase"]
[SourceDate "2007.11.25"]
[SourceVersion "1"]
[SourceVersionDate "2007.11.25"]
[SourceQuality "1"]
[WhiteTeam "Hlohovec Junior"]
[BlackTeam "Trnava III"]
[WhiteTeamCountry "SVK"]
[BlackTeamCountry "SVK"]

1. c4 c6 2. Nc3 Nf6 3. e4 e5 4. d3 d6 5. Nf3 Bg4 6. Be2 Nbd7 7. 0-0 Be7 8. h3 Bxf3 9. Bxf3 0-0 10. Be3 Qc7 11. Qd2 Rad8 12. a3 Nc5 13. Qc2 Ne6 14. Ne2 b6 15. Rac1 Rd7 16. d4 Rc8 17. b4 c5 18. bxc5 exd4 19. Nxd4 Nxd4 20. Bxd4 dxc5 21. Bc3 Bd6 22. Rfd1 Rcd8 23. Bxf6 gxf6 24. Rd5 Be5 25. Kh1 Bd4 26. Qa4 Rxd5 27. exd5 Qe5 28. Qxa7 Bxf2 29. Qxb6 Rb8 30. Qa6 Bd4 31. Qc6 Qg3 32. Qd7 Be5 33. Qg4+ Qxg4 34. Bxg4 Ra8 35. Rd1 Rxa3 36. d6 Ra8 37. d7 Rd8 38. Rd5 Bd4 39. Kh2 Kg7 40. Kg3 Be5+ 41. Kf3 Kg6 42. Ke4 Bd4 43. Bf5+ Kg7 44. Rd6 h5 45. Rc6 Kf8 46. h4 Ke7 47. Rc8 Bf2 48. g4 hxg4 49. h5 Rxd7 50. Bxd7 Kxd7 51. Rg8 Ke6 52. h6 f5+ 53. Kf4 Bd4 54. Re8+ Kd7 55. Ra8 Ke6 56. Re8+ Kd7 57. Re2 Kc6 58. Kxf5 g3 59. Rg2 Kb6 60. Rxg3 Ka5 61. Rb3 Ka4 62. Rb8 Ka3 63. Ke4 Ka4 64. h7 Ka3 65. h8Q Bxh8 66. Rxh8 f5+ 67. Kxf5 Kb4 68. Rh4 1-0

[Event "SVK-chT3A2 0607"]
[Site "Slovakia"]
[Date "2006.12.03"]
[Round "5"]
[White "Halas, Miroslav"]
[Black "Ivan, Imrich"]
[Result "1-0"]
[WhiteElo "1996"]
[BlackElo "2034"]
[PlyCount "89"]
[EventDate "2006.10.08"]
[EventType "team-tourn"]
[EventRounds "11"]
[EventCountry "SVK"]
[SourceTitle "EXT 2008"]
[Source "ChessBase"]
[SourceDate "2007.11.25"]
[SourceVersion "1"]
[SourceVersionDate "2007.11.25"]
[SourceQuality "1"]
[WhiteTeam "Trnava III"]
[BlackTeam "Velky Meder"]
[WhiteTeamCountry "SVK"]
[BlackTeamCountry "SVK"]

1. e4 e6 2. d4 d5 3. exd5 exd5 4. c4 Nf6 5. Nc3 Bb4 6. Bd3 0-0 7. Nge2 dxc4 8. Bxc4 Bg4 9. f3 Bf5 10. 0-0 h6 11. Ng3 Bg6 12. Be3 Bd6 13. f4 Re8 14. Re1 Nc6 15. a3 Qd7 16. Qf3 Bf5 17. Nb5 Bg4 18. Qf2 Bf8 19. h3 Be6 20. d5 Bxd5 21. Rad1 Ne7 22. Nc3 c6 23. b4 Qc7 24. Bd3 Rad8 25. Bxa7 Ra8 26. Bb6 Qb8 27. a4 Bb3 28. Ra1 Ned5 29. Nxd5 Nxd5 30. Rxe8 Qxe8 31. Bd4 Rxa4 32. Re1 Qa8 33. Nf5 g6 34. Nh4 Bg7 35. Bxg7 Kxg7 36. Qb2+ Kh7 37. Qxb3 Rxb4 38. Qc2 Rxf4 39. Bxg6+ Kg8 40. Bxf7+ Rxf7 41. Qg6+ Kf8 42. Qxh6+ Kg8 43. Qg6+ Kf8 44. Nf5 Qd8 45. Nd6 1-0

[Event "SVK-chT2A 0506"]
[Site "Slovakia"]
[Date "2006.03.12"]
[Round "11.1"]
[White "Hrivnak, Martin"]
[Black "Halas, Miroslav"]
[Result "1-0"]
[WhiteElo "2177"]
[BlackElo "2004"]
[PlyCount "59"]
[EventDate "2005.10.22"]
[EventType "team-tourn"]
[EventRounds "11"]
[EventCountry "SVK"]
[SourceTitle "EXT 2009"]
[Source "ChessBase"]
[SourceDate "2008.11.26"]
[SourceVersion "1"]
[SourceVersionDate "2008.11.26"]
[SourceQuality "1"]

1. Nf3 d5 2. g3 c5 3. Bg2 Nc6 4. d4 e6 5. 0-0 Nf6 6. c3 Bd6 7. dxc5 Bxc5 8. b4 Bb6 9. Nbd2 0-0 10. a4 a5 11. b5 Ne7 12. Ba3 Re8 13. c4 dxc4 14. Nxc4 Ned5 15. Nd6 Re7 16. e4 Nb4 17. e5 Rd7 18. Ng5 Bc5 19. Ngxf7 Qb6 20. Qb3 Nfd5 21. Bxb4 axb4 22. Bxd5 exd5 23. Qxd5 Kf8 24. Rac1 Rc7 25. Ng5 g6 26. Nc4 Qa7 27. Qd8+ Kg7 28. Qxc7+ Kh6 29. h4 Bg4 30. Qxh7# 1-0

[Event "SVK-chT2A 0506"]
[Site "Slovakia"]
[Date "2005.12.18"]
[Round "6.2"]
[White "Horak, Ivan"]
[Black "Halas, Miroslav"]
[Result "1/2-1/2"]
[WhiteElo "2141"]
[BlackElo "2004"]
[PlyCount "123"]
[EventDate "2005.10.22"]
[EventType "team-tourn"]
[EventRounds "11"]
[EventCountry "SVK"]
[SourceTitle "EXT 2009"]
[Source "ChessBase"]
[SourceDate "2008.11.26"]
[SourceVersion "1"]
[SourceVersionDate "2008.11.26"]
[SourceQuality "1"]

1. e4 c6 2. d4 d5 3. Nd2 dxe4 4. Nxe4 Bf5 5. Ng3 Bg6 6. Nf3 Nd7 7. h4 h6 8. h5 Bh7 9. Bd3 Bxd3 10. Qxd3 Qc7 11. Bd2 Ngf6 12. 0-0-0 e6 13. c4 0-0-0 14. Ne4 Nxe4 15. Qxe4 Nf6 16. Qe2 c5 17. Bc3 Bd6 18. Ne5 Qe7 19. f4 Nd7 20. Kb1 Nb6 21. b3 Bxe5 22. fxe5 cxd4 23. Bxd4 Qb4 24. Qb2 Rd7 25. Bc3 Qe7 26. Rxd7 Qxd7 27. Qd2 Qxd2 28. Bxd2 Rd8 29. Ba5 Rd4 30. Bxb6 axb6 31. Rf1 Rg4 32. Rxf7 Rxg2 33. Re7 Rg5 34. Kc2 Rxe5 35. Rxg7 Rxh5 36. Kc3 Rh2 37. a4 h5 38. Re7 h4 39. Rxe6 h3 40. Rxb6 Rh1 41. Rh6 h2 42. Kb4 Kc7 43. a5 Kd7 44. c5 Kc7 45. Rh7+ Kc6 46. Rh6+ Kc7 47. Kb5 Rb1 48. Rh7+ Kc8 49. Rxh2 Rxb3+ 50. Kc4 Ra3 51. Kb4 Ra1 52. Rb2 Kc7 53. Kb5 Ra3 54. Rb4 Ra1 55. Ra4 Rb1+ 56. Kc4 Kc6 57. a6 Rc1+ 58. Kd4 Rd1+ 59. Kc4 Rc1+ 60. Kb4 Rb1+ 61. Kc3 bxa6 62. Rxa6+ 1/2-1/2

[Event "SVK-chT2A 0506"]
[Site "Slovakia"]
[Date "2005.10.22"]
[Round "1.2"]
[White "Halas, Miroslav"]
[Black "Maslikova, Veronika"]
[Result "0-1"]
[WhiteElo "2004"]
[BlackElo "2211"]
[PlyCount "54"]
[EventDate "2005.10.22"]
[EventType "team-tourn"]
[EventRounds "11"]
[EventCountry "SVK"]
[SourceTitle "EXT 2009"]
[Source "ChessBase"]
[SourceDate "2008.11.26"]
[SourceVersion "1"]
[SourceVersionDate "2008.11.26"]
[SourceQuality "1"]

1. e4 c5 2. Bc4 e6 3. Nc3 a6 4. a3 b5 5. Be2 Bb7 6. Nf3 b4 7. axb4 cxb4 8. Na4 Bxe4 9. d3 Bb7 10. Be3 Nc6 11. Bb6 Qc8 12. d4 Nf6 13. c4 bxc3 14. bxc3 Rb8 15. c4 Bb4+ 16. Kf1 d5 17. Nc5 dxc4 18. Bxc4 0-0 19. Ng5 Bxc5 20. Bxc5 Rd8 21. Bb6 Re8 22. d5 exd5 23. Bxd5 Nxd5 24. Qxd5 Ne5 25. Qa2 h6 26. Nh3 Bxg2+ 27. Kxg2 Qg4+ 0-1